[Event "23rd Dubai Open 2023"]
[Site "Dubai UAE"]
[Date "2023.06.02"]
[Round "7.20"]
[White "Gavrilescu, David"]
[Black "Zou, Chen"]
[Result "1-0"]
[WhiteTitle "GM"]
[BlackTitle "IM"]
[WhiteElo "2535"]
[BlackElo "2413"]
[WhiteFideId "1227190"]
[BlackFideId "8610959"]
[EventDate "2023.05.27"]

1. e4 e5 2. Nf3 Nc6 3. Nc3 Nf6 4. h3 d5 5. exd5 Nxd5 6. Bb5 Nxc3 7. bxc3 Bd6 8.
O-O O-O 9. Re1 Re8 10. d4 exd4 11. Rxe8+ Qxe8 12. cxd4 Bd7 13. Bf1 Bf5 14. c4
Qe4 15. Bb2 Qc2 16. Qxc2 Bxc2 17. d5 Nb4 18. Nd4 Bd3 19. Nb5 a6 20. Nxd6 cxd6
21. Ba3 Bxf1 22. Rxf1 a5 23. Rb1 Kf8 24. Bxb4 axb4 25. Rxb4 Ra7 26. a4 Ke7 27.
Kf1 Kd7 28. Ke2 Kc7 29. Kd3 Ra8 30. h4 b6 31. g3 h5 32. Kc3 f5 33. Kd3 Re8 34.
Rb2 Ra8 35. Re2 Kd7 36. Re6 Rxa4 37. Rg6 Ra3+ 38. Ke2 Rc3 39. Rxg7+ Kc8 40. Rf7
Rc2+ 41. Ke3 Rxc4 42. Rxf5 b5 43. Kd3 Rc5 44. Rxh5 b4 45. Rh8+ Kb7 46. Re8 Rxd5+
47. Kc4 Rd2 48. Rf8 Rb2 49. h5 Rb1 50. h6 b3 51. h7 b2 52. Kb3 Rh1 53. Rf7+ Kc6
54. Kxb2 Kd5 55. Kc3 Ke6 56. Ra7 Kf6 57. Kd4 Ke6 58. g4 Kf6 59. f4 Kg6 60. Kd5 1-0

[Event "23rd Dubai Open 2023"]
[Site "Dubai UAE"]
[Date "2023.06.02"]
[Round "7.21"]
[White "Sankalp, Gupta"]
[Black "Buksa, Nataliya"]
[Result "1-0"]
[WhiteTitle "GM"]
[BlackTitle "IM"]
[WhiteElo "2504"]
[BlackElo "2406"]
[WhiteFideId "5097010"]
[BlackFideId "14123622"]
[EventDate "2023.05.27"]

1. e4 c5 2. Nf3 Nc6 3. Bb5 g6 4. O-O Bg7 5. c3 Nf6 6. Re1 O-O 7. d4 d5 8. e5 Ne4
9. Bxc6 bxc6 10. Be3 Qb6 11. Qc1 c4 12. Nbd2 Nxd2 13. Nxd2 Bf5 14. b3 Bd3 15. h4
Qc7 16. h5 Rfe8 17. Nf3 Qd7 18. Bf4 Bf5 19. Nd2 Qe6 20. hxg6 fxg6 21. bxc4 dxc4
22. Ne4 Rab8 23. Nc5 Qd5 24. e6 Rb5 25. Be5 Bf8 26. Na6 Qxe6 27. Nc7 Qd7 28.
Nxe8 Qxe8 29. Bd6 e6 30. Bxf8 Qxf8 31. Qf4 Qd8 32. Re3 a5 33. a4 Rb2 34. Rae1 h5
35. Re5 Qb8 36. Qh6 Rb1 37. Rxe6 Rxe1+ 38. Rxe1 Qd8 39. Re5 Bd3 40. Qe3 Kf7 41.
Qf3+ Bf5 42. Qxc6 Qb8 43. Rb5 Qf4 44. Rb7+ Kf8 45. Qf6+ 1-0

[Event "23rd Dubai Open 2023"]
[Site "Dubai UAE"]
[Date "2023.06.02"]
[Round "7.22"]
[White "Ohanyan, Emin"]
[Black "Gharibyan, Mamikon"]
[Result "1-0"]
[WhiteTitle "IM"]
[BlackTitle "IM"]
[WhiteElo "2444"]
[BlackElo "2500"]
[WhiteFideId "13312022"]
[BlackFideId "13308300"]
[EventDate "2023.05.27"]

1. d4 Nf6 2. c4 e6 3. Nf3 b6 4. g3 Ba6 5. b3 Bb4+ 6. Bd2 Be7 7. Nc3 d5 8. cxd5
exd5 9. Bg2 O-O 10. O-O Re8 11. a3 Bb7 12. b4 c6 13. Qb3 Nbd7 14. a4 Ne4 15.
Rfc1 a5 16. bxa5 Nxd2 17. Nxd2 Rxa5 18. e4 c5 19. Nxd5 cxd4 20. Nc4 Bxd5 21.
exd5 Nc5 22. Qd1 Ra6 23. Rcb1 d3 24. Ra3 Bf6 25. d6 Bd4 26. Qg4 Qf6 27. Bf3 g6
28. Rd1 b5 29. axb5 Rxa3 30. Nxa3 Qxd6 31. Nc4 Qf6 32. Qf4 Qxf4 33. gxf4 Bc3 34.
b6 Rb8 35. Rb1 Kf8 36. b7 d2 37. Kf1 Ke7 38. Ke2 Kd7 39. Nxd2 Bxd2 40. Kxd2 Kc7
41. Rc1 Kd6 42. Rb1 Kc7 43. Kc3 Nxb7 44. Rxb7+ Rxb7 45. Bxb7 Kxb7 46. Kd4 Kc6
47. Ke5 Kd7 48. Kf6 Ke8 49. Kg7 h5 50. Kf6 Kf8 51. h4 Kg8 52. f5 gxf5 53. Kxf5
Kg7 54. Kg5 Kh7 55. Kxh5 f6 56. Kg4 Kg6 57. h5+ Kh6 58. f4 1-0

[Event "23rd Dubai Open 2023"]
[Site "Dubai UAE"]
[Date "2023.06.02"]
[Round "7.23"]
[White "Fawzy, Adham"]
[Black "Winkelman, Albert"]
[Result "1-0"]
[WhiteTitle "GM"]
[BlackTitle "FM"]
[WhiteElo "2495"]
[BlackElo "2227"]
[WhiteFideId "10613129"]
[BlackFideId "3219941"]
[EventDate "2023.05.27"]

1. e4 e5 2. Nf3 Nc6 3. Bb5 a6 4. Ba4 Nf6 5. O-O Be7 6. Re1 b5 7. Bb3 d6 8. c3
O-O 9. h3 Nb8 10. d4 Nbd7 11. a4 Bb7 12. Bc2 c5 13. d5 c4 14. Be3 Qc7 15. Na3
Nc5 16. Qb1 Nxa4 17. Bxa4 bxa4 18. Qc2 a5 19. Nd2 Ba6 20. Qxa4 Rfc8 21. Nb5 Bxb5
22. Qxb5 Rcb8 23. Qa4 Rc8 24. Ra2 Bd8 25. Rea1 Rab8 26. Bg5 h6 27. Bxf6 Bxf6 28.
Qxa5 Qxa5 29. Rxa5 Bg5 30. Nf3 Rxb2 31. Ra6 Be7 32. Ra8 Rxa8 33. Rxa8+ Kh7 34.
Rc8 f5 35. Rxc4 Rb1+ 36. Kh2 Rd1 37. exf5 Rxd5 38. g4 Rd3 39. Kg2 Bf6 40. Rc7 d5
41. Rd7 Kg8 42. h4 e4 43. Nd4 Bxd4 44. cxd4 Rxd4 45. g5 hxg5 46. hxg5 g6 47. Kg3
gxf5 48. Kf4 e3+ 49. Ke5 Rg4 50. Kf6 exf2 51. g6 Rxg6+ 52. Kxg6 1-0

[Event "23rd Dubai Open 2023"]
[Site "Dubai UAE"]
[Date "2023.06.02"]
[Round "7.24"]
[White "Saeed, Ishaq"]
[Black "Tiglon, Bryce"]
[Result "0-1"]
[WhiteTitle "IM"]
[BlackTitle "IM"]
[WhiteElo "2303"]
[BlackElo "2494"]
[WhiteFideId "9301453"]
[BlackFideId "2087456"]
[EventDate "2023.05.27"]

1. d4 Nf6 2. c4 c6 3. Nf3 d5 4. g3 g6 5. Bg2 Bg7 6. O-O O-O 7. cxd5 cxd5 8. Ne5
Nc6 9. Nc3 Bf5 10. Nxc6 bxc6 11. Na4 Re8 12. Bf4 Nd7 13. Rc1 Rc8 14. Qd2 e5 15.
dxe5 Nxe5 16. b3 h5 17. h4 Qe7 18. Nc5 Nd7 19. Nb7 Ne5 20. Na5 Qe6 21. Be3 d4
22. Bf4 c5 23. Kh1 Be4 24. f3 Bd5 25. Rfd1 Qa6 26. e4 dxe3 27. Qxd5 e2 28. Re1
Nd3 29. Nc4 Nxe1 30. Rxe1 Rcd8 31. Nd6 Rxd6 32. Bxd6 Bc3 33. Rxe2 Rxe2 34. Bxc5
Qxa2 35. f4 a5 36. f5 Qb1+ 37. Bg1 Qxf5 38. Qc4 Rc2 39. Qa6 Kg7 40. Qb6 Qg4 41.
Qd6 Rd2 42. Qc7 Bd4 43. Qxa5 Rd1 44. Qc7 Rxg1+ 45. Kh2 Rxg2+ 46. Kxg2 Qe2+ 0-1

[Event "23rd Dubai Open 2023"]
[Site "Dubai UAE"]
[Date "2023.06.02"]
[Round "7.25"]
[White "Mamatov, Melis"]
[Black "Mchedlishvili, Mikheil"]
[Result "1/2-1/2"]
[WhiteTitle "FM"]
[BlackTitle "GM"]
[WhiteElo "2399"]
[BlackElo "2553"]
[WhiteFideId "13800027"]
[BlackFideId "13600966"]
[EventDate "2023.05.27"]

1. e4 c5 2. Nf3 d6 3. d4 cxd4 4. Nxd4 Nf6 5. Nc3 a6 6. Be3 Ng4 7. Bg5 h6 8. Bh4
g5 9. Bg3 Bg7 10. h3 Nf6 11. Qe2 Nc6 12. Nxc6 bxc6 13. e5 dxe5 14. Bxe5 O-O 15.
h4 g4 16. Qe3 Bf5 17. Bd3 Bxd3 18. O-O-O Nd5 19. Nxd5 Qxd5 20. Bxg7 Kxg7 21.
Rxd3 Qxa2 22. Qe5+ Kh7 23. b3 a5 24. Qe4+ Kh8 25. Qxc6 f6 26. Qa4 Qxa4 27. bxa4
Rfc8 28. Rd7 Rc4 29. Rxe7 Rac8 30. Re2 Rxa4 31. Rhe1 Kg7 32. Re4 Ra1+ 33. Kd2
Rd8+ 34. Ke2 Rxe1+ 35. Kxe1 h5 36. Re7+ Kg6 37. Ra7 Rd5 38. Ke2 Re5+ 39. Kd3
Rd5+ 40. Ke3 Re5+ 41. Kd3 1/2-1/2

[Event "23rd Dubai Open 2023"]
[Site "Dubai UAE"]
[Date "2023.06.02"]
[Round "7.26"]
[White "Vasquez Schroeder, Rodrigo"]
[Black "Uskov, Artem"]
[Result "1/2-1/2"]
[WhiteTitle "GM"]
[BlackTitle "IM"]
[WhiteElo "2524"]
[BlackElo "2367"]
[WhiteFideId "3400042"]
[BlackFideId "34254854"]
[EventDate "2023.05.27"]

1. c4 e5 2. Nc3 Bb4 3. g3 Ne7 4. Bg2 Bxc3 5. dxc3 d6 6. e4 O-O 7. Nf3 Nd7 8. Nh4
b6 9. O-O a5 10. Be3 Rb8 11. b3 Bb7 12. Qc2 Nc5 13. Rad1 Qd7 14. Rfe1 Rbd8 15.
Re2 f5 16. Bxc5 bxc5 17. exf5 Bxg2 18. Nxg2 Qxf5 19. Qxf5 Rxf5 20. f4 Ng6 21.
Ne3 Rf7 22. f5 Ne7 23. Rf2 Rdf8 24. Rdf1 h5 25. h3 c6 26. g4 hxg4 27. hxg4 d5
28. cxd5 cxd5 29. Rd1 Rd8 30. Re2 Rff8 31. c4 d4 32. Nf1 Nc6 33. Ng3 d3 34. Re3
Rd4 35. Ne4 Nb4 36. Nf2 Re8 37. Re4 Red8 38. Rxd4 Rxd4 39. a3 Nc2 40. Rxd3 Nxa3
41. Rxd4 cxd4 42. c5 Kf7 43. Ne4 Ke7 44. g5 Nb5 45. Kf2 Nc7 46. c6 Nd5 47. Kf3
d3 48. Nd2 Kd6 49. Nc4+ Kc7 50. Ke4 Ne7 51. Kxe5 Kxc6 52. Ke6 Nxf5 53. Kxf5 Kc5
54. Nd2 Kd4 55. Kf4 Kc3 56. Ke3 g6 57. Nf3 Kxb3 58. Kxd3 a4 59. Nd2+ Kb4 60. Nf3
Kb3 61. Nd4+ Kb2 62. Nb5 Kb3 63. Kd2 Kb2 64. Kd3 Kb3 65. Nd4+ Kb2 66. Kc4 a3 67.
Kb4 a2 68. Nb3 Kc2 69. Ka3 a1=Q+ 70. Nxa1+ Kd3 1/2-1/2

[Event "23rd Dubai Open 2023"]
[Site "Dubai UAE"]
[Date "2023.06.02"]
[Round "7.27"]
[White "Miladinovic, Igor"]
[Black "Badelka, Olga"]
[Result "0-1"]
[WhiteTitle "GM"]
[BlackTitle "IM"]
[WhiteElo "2507"]
[BlackElo "2406"]
[WhiteFideId "4203380"]
[BlackFideId "13509926"]
[EventDate "2023.05.27"]

1. d4 Nf6 2. c4 e6 3. Nc3 Bb4 4. g3 d5 5. Bg2 O-O 6. Nf3 dxc4 7. O-O c5 8. dxc5
Nc6 9. Na4 Qe7 10. Nd4 Rd8 11. Nxc6 bxc6 12. Qc2 Ba6 13. Bxc6 Rac8 14. Bf3 Bb5
15. Nc3 Bc6 16. Bxc6 Rxc6 17. Bg5 Bxc3 18. bxc3 Rxc5 19. Be3 Rcc8 20. Rab1 Nd5
21. Bd2 e5 22. Rfd1 e4 23. Qc1 h5 24. Bg5 f6 25. Be3 h4 26. Rd4 h3 27. Qd2 Nxe3
28. Qxe3 f5 29. f4 Rxd4 30. Qxd4 e3 31. Qd5+ Qf7 32. Qf3 Qe6 33. Rd1 Qe4 34. Qf1
Qc2 35. Rc1 Qd2 36. Rd1 Qxc3 37. Qxh3 Qc2 38. Re1 c3 39. Kf1 Rb8 40. Qg2 Qd2 41.
Ra1 c2 42. Qc6 Rb1+ 43. Kg2 Qxe2+ 44. Kh3 Qh5+ 45. Kg2 Rxa1 0-1

[Event "23rd Dubai Open 2023"]
[Site "Dubai UAE"]
[Date "2023.06.02"]
[Round "7.28"]
[White "Erdogmus, Yagiz Kaan"]
[Black "Farahat, Ali"]
[Result "1-0"]
[WhiteTitle "IM"]
[BlackTitle "IM"]
[WhiteElo "2470"]
[BlackElo "2361"]
[WhiteFideId "44599790"]
[BlackFideId "10600507"]
[EventDate "2023.05.27"]

1. e4 e5 2. Nf3 Nc6 3. Bb5 a6 4. Ba4 b5 5. Bb3 Nf6 6. O-O Bc5 7. a4 Rb8 8. Nxe5
Nxe5 9. d4 Bxd4 10. Qxd4 d6 11. f4 Nc6 12. Qd3 O-O 13. Nc3 Na5 14. Ba2 Nc6 15.
Bb1 Bb7 16. axb5 axb5 17. Qxb5 Nd4 18. Qd3 c5 19. Ba2 Ra8 20. e5 Ba6 21. Bxf7+
Rxf7 22. Rxa6 Rxa6 23. Qxa6 dxe5 24. fxe5 Ng4 25. Rxf7 Kxf7 26. Qc4+ Kg6 27.
Qd3+ Kf7 28. Qc4+ Kg6 29. h3 Nxe5 30. Qxc5 Qf6 31. Be3 Ne6 32. Qd6 Nf8 33. Qd5
Qe6 34. Bd4 Nc6 35. Bc5 Qxd5 36. Nxd5 Ne6 37. Be3 Kf5 38. Kf2 Ke5 39. c4 Na5 40.
Nb6 Nb3 41. Na4 Na5 42. c5 Nb3 43. Ke2 Ke4 44. Nc3+ Ke5 45. Na4 Ke4 46. g3 g6
47. h4 h5 48. Bf2 g5 49. hxg5 Nxg5 50. Nc3+ Ke5 51. Kd3 Ne6 52. Kc4 Na5+ 53. Kb4
Nc6+ 54. Kb5 Ned8 55. b4 Ke6 56. Ne2 Kd7 57. Nf4 Ne5 58. Nxh5 Ndc6 59. Nf4 Na7+
60. Ka6 1-0

[Event "23rd Dubai Open 2023"]
[Site "Dubai UAE"]
[Date "2023.06.02"]
[Round "7.29"]
[White "Rios, Cristhian Camilo"]
[Black "Averin, Nikolay"]
[Result "1-0"]
[WhiteTitle "GM"]
[BlackTitle "FM"]
[WhiteElo "2469"]
[BlackElo "2259"]
[WhiteFideId "4403940"]
[BlackFideId "24250473"]
[EventDate "2023.05.27"]

1. Nf3 d5 2. g3 Nf6 3. Bg2 c6 4. O-O Bf5 5. d3 h6 6. Nfd2 e5 7. e4 dxe4 8. dxe4
Be6 9. h3 Bc5 10. Qe2 a5 11. Nc4 Nfd7 12. Ne3 a4 13. f4 b5 14. Kh1 Nb6 15. Nd2
Qc7 16. Nf5 O-O 17. Nxg7 Kxg7 18. f5 Bc8 19. f6+ Kh7 20. Nb3 Rg8 21. Nxc5 Rxg3
22. Qh5 Rg6 23. Nd3 b4 24. Nxe5 Ra5 25. Rf5 Rxe5 26. Rxe5 Be6 27. Rg5 Rxf6 28.
e5 1-0

[Event "23rd Dubai Open 2023"]
[Site "Dubai UAE"]
[Date "2023.06.02"]
[Round "7.30"]
[White "Batchuluun, Tsegmed"]
[Black "Laddha, Shubh Jayesh"]
[Result "1-0"]
[WhiteTitle "GM"]
[BlackTitle "FM"]
[WhiteElo "2466"]
[BlackElo "2397"]
[WhiteFideId "4900847"]
[BlackFideId "30942799"]
[EventDate "2023.05.27"]

1. d4 d5 2. c4 c6 3. Nf3 Nf6 4. e3 e6 5. b3 Ne4 6. Qc2 Nd7 7. Be2 Bd6 8. O-O f5
9. Ba3 Bc7 10. Nbd2 Qf6 11. Ne1 g5 12. Nxe4 fxe4 13. f3 Qh6 14. g3 Nf6 15. fxe4
Nxe4 16. Bd3 Nf6 17. Qf2 Bd8 18. e4 dxe4 19. Bxe4 Bd7 20. Bg2 Be7 21. Bxe7 Kxe7
22. Nd3 Raf8 23. Ne5 g4 24. Qe1 Kd8 25. Rf4 a6 26. Qf2 Be8 27. Rf1 Nd7 28. Nxg4
Rxf4 29. Qxf4 Qg7 30. Ne5 Rf8 31. Qh4+ Kc7 32. Rxf8 Nxf8 33. Qf4 Kc8 34. Bh3 Qe7
35. c5 Ng6 36. Nxg6 Bxg6 37. Qe5 Bf7 38. Qg7 h5 39. Bg2 Kb8 40. h4 Ka7 41. b4
Qe8 42. a4 Ka8 43. Be4 Ka7 44. Kh2 Ka8 45. Kg1 Ka7 46. Kf2 Ka8 47. Ke3 Ka7 48.
Qe5 Bg6 49. Bf3 Qf7 50. b5 axb5 51. axb5 cxb5 52. Qd6 e5 53. dxe5 Qb3+ 54. Kf4
Qf7+ 55. Ke3 Qb3+ 56. Kf4 Qf7+ 57. Qf6 b4 58. Qxf7 Bxf7 59. Kf5 b3 60. Be4 Bc4
61. e6 Kb8 62. e7 Bf7 63. Kf6 Be8 64. Kg7 b2 65. Kf8 Bc6 66. Bxc6 b1=Q 67. e8=Q+
Ka7 68. Qf7 1-0

[Event "23rd Dubai Open 2023"]
[Site "Dubai UAE"]
[Date "2023.06.02"]
[Round "7.31"]
[White "Movahed, Sina"]
[Black "Hesham, Abdelrahman"]
[Result "1-0"]
[WhiteTitle "FM"]
[BlackTitle "GM"]
[WhiteElo "2359"]
[BlackElo "2409"]
[WhiteFideId "42520835"]
[BlackFideId "10600183"]
[EventDate "2023.05.27"]

1. e4 c6 2. d4 d5 3. e5 Bf5 4. h4 h5 5. Bg5 f6 6. Bd3 Qd7 7. Bf4 c5 8. Nf3 Nc6
9. O-O c4 10. Be2 Nh6 11. Nc3 Ng4 12. b3 cxb3 13. axb3 e6 14. exf6 gxf6 15. Nb5
Bh6 16. Nd6+ Kf8 17. Bg3 Rg8 18. Bd3 Rg7 19. c4 Bxd3 20. Qxd3 Kg8 21. Rfe1 Ne7
22. Ra5 b6 23. Ra2 Ng6 24. Rae2 Nf4 25. Bxf4 Bxf4 26. Nb5 a6 27. Nc3 Rc8 28.
Rxe6 Ne5 29. dxe5 Qxe6 30. exf6 Qxf6 31. Nxd5 Qf8 32. Re6 Bb8 33. Qe4 Rg4 34.
Rg6+ Kh8 35. Rxg4 hxg4 36. Qxg4 Re8 37. g3 b5 38. Qh5+ Kg7 39. cxb5 axb5 40.
Qg5+ Kh8 41. Qg6 Re2 42. Nf6 Re7 43. Ng5 Be5 44. Qh5+ Kg7 45. Nd5 1-0

[Event "23rd Dubai Open 2023"]
[Site "Dubai UAE"]
[Date "2023.06.02"]
[Round "7.32"]
[White "Liyanage, Ranindu Dilshan"]
[Black "Sibashvili, Giorgi"]
[Result "1/2-1/2"]
[WhiteTitle "FM"]
[BlackTitle "IM"]
[WhiteElo "2342"]
[BlackElo "2408"]
[WhiteFideId "9915834"]
[BlackFideId "13602799"]
[EventDate "2023.05.27"]

1. e4 e6 2. d4 d5 3. Nc3 Bb4 4. exd5 exd5 5. Bd3 Nc6 6. a3 Bxc3+ 7. bxc3 Nge7 8.
Rb1 b6 9. Qh5 Be6 10. Ne2 Qd7 11. O-O Bg4 12. Qg5 O-O 13. Ng3 h6 14. Qd2 Na5 15.
f3 Be6 16. Nh5 Nc4 17. Qf2 Kh8 18. Re1 Rae8 19. Nf6 gxf6 20. Qh4 Ng6 21. Qxf6+
Kh7 22. h4 Qe7 23. Qxe7 Rxe7 24. h5 Rfe8 25. Kf2 Kg7 26. hxg6 fxg6 27. Bf4 Bf5
28. Bxc4 Rxe1 29. Rxe1 Rxe1 30. Kxe1 dxc4 1/2-1/2

[Event "23rd Dubai Open 2023"]
[Site "Dubai UAE"]
[Date "2023.06.02"]
[Round "7.33"]
[White "Tissir, Mohamed"]
[Black "Kacharava, Nikolozi"]
[Result "1/2-1/2"]
[WhiteTitle "IM"]
[BlackTitle "IM"]
[WhiteElo "2354"]
[BlackElo "2550"]
[WhiteFideId "9000240"]
[BlackFideId "13611860"]
[EventDate "2023.05.27"]

1. e4 c5 2. Nf3 e6 3. d4 cxd4 4. Nxd4 Nc6 5. Nc3 Qc7 6. Be3 a6 7. Bd3 b5 8. O-O
Bb7 9. Qe2 Nf6 10. f4 Nxd4 11. Bxd4 Bc5 12. Bxc5 Qxc5+ 13. Kh1 b4 14. Nb1 h5 15.
e5 Ng4 16. Nd2 Ne3 17. Rf2 Ng4 18. Rff1 Ne3 19. Rf2 Rc8 20. Re1 Nf5 21. Ne4 Qa5
22. Ng5 Qxa2 23. Bxf5 exf5 24. b3 Bd5 25. Qd3 Be6 26. Qd6 Qa5 27. Rd2 Qb5 28.
Red1 Rc6 29. Nxe6 Rxd6 30. Nc7+ Kd8 31. Nxb5 Rxd2 32. Rxd2 axb5 33. Rd5 Ke7 34.
Rxb5 Rc8 35. Rxb4 Rxc2 36. g3 f6 37. Rb5 fxe5 38. Rxe5+ Kf6 39. Rd5 Ke6 40. Re5+
Kf6 41. Rd5 1/2-1/2

[Event "23rd Dubai Open 2023"]
[Site "Dubai UAE"]
[Date "2023.06.02"]
[Round "7.34"]
[White "Ahmad, Al Khatib"]
[Black "Panda, Sambit"]
[Result "1-0"]
[WhiteTitle "GM"]
[BlackTitle "IM"]
[WhiteElo "2344"]
[BlackElo "2436"]
[WhiteFideId "8103178"]
[BlackFideId "25091794"]
[EventDate "2023.05.27"]

1. e4 c6 2. d4 d5 3. exd5 cxd5 4. Nf3 Nf6 5. Ne5 Nc6 6. Bb5 Bd7 7. Nxd7 Qxd7 8.
c3 e6 9. Nd2 Bd6 10. O-O Qc7 11. g3 h5 12. Nf3 Ne4 13. Ng5 h4 14. Qf3 Nxg5 15.
Bxg5 f6 16. Be3 a6 17. Bd3 O-O-O 18. c4 Nb4 19. Be2 dxc4 20. Rac1 Kb8 21. Bxc4
Qd7 22. Rfe1 Nd5 23. Bxd5 exd5 24. Bf4 Ka7 25. Bxd6 Qxd6 26. Qg4 Qd7 27. Qxd7
Rxd7 28. Kg2 hxg3 29. hxg3 Kb8 30. Kf3 Rc8 31. Rxc8+ Kxc8 32. Kf4 Rc7 33. Kf5
Rc2 34. f4 Rxb2 35. Kg6 Rxa2 36. Kxg7 Ra3 37. Rg1 Rd3 38. Kxf6 Rxd4 39. Ke5 Re4+
40. Kxd5 Re2 41. g4 Kd7 42. Rh1 b5 43. Rh7+ Ke8 44. Ra7 b4 45. Rxa6 Kf7 46. Rb6
Rb2 47. Ke5 b3 48. Kf5 Rb1 49. Rb7+ Ke8 50. g5 b2 51. g6 Kd8 52. g7 Rg1 53. Ke4 1-0

[Event "23rd Dubai Open 2023"]
[Site "Dubai UAE"]
[Date "2023.06.02"]
[Round "7.35"]
[White "Bai, Adelard"]
[Black "Lim, Zhuo Ren"]
[Result "1/2-1/2"]
[WhiteTitle "FM"]
[BlackTitle "FM"]
[WhiteElo "2409"]
[BlackElo "2294"]
[WhiteFideId "16301188"]
[BlackFideId "5702488"]
[EventDate "2023.05.27"]

1. d4 Nf6 2. c4 e6 3. Nf3 a6 4. Nc3 d5 5. cxd5 exd5 6. Bg5 Be6 7. e3 Nbd7 8. Bd3
Bd6 9. O-O h6 10. Bf4 Qe7 11. Qb3 Rb8 12. Rac1 O-O 13. Na4 c6 14. Nc5 Nxc5 15.
dxc5 Bxf4 16. exf4 Ne4 17. Qc2 Qf6 18. g3 g5 19. Bxe4 dxe4 20. Qxe4 gxf4 21. b3
Bd5 22. Qd4 Qxd4 23. Nxd4 Kg7 24. gxf4 Kf6 25. f3 a5 26. a3 Rfe8 27. Kf2 Rbd8
28. Rfe1 Rxe1 29. Rxe1 Be6 30. Ke3 Rg8 31. Kf2 Rd8 32. Re4 Rd5 33. b4 axb4 34.
axb4 Rd8 35. f5 Bd5 36. Rh4 Kg5 37. Kg3 h5 38. Rf4 Rh8 39. Ne2 Kf6 40. Nc3 Ke5
41. Rh4 Kxf5 42. Rf4+ Ke6 43. Rd4 Ke5 44. Rd1 h4+ 45. Kf2 Ra8 46. f4+ 1/2-1/2

[Event "23rd Dubai Open 2023"]
[Site "Dubai UAE"]
[Date "2023.06.02"]
[Round "7.36"]
[White "Yeganegi, Barad"]
[Black "Al Qudaimi, Basheer"]
[Result "1-0"]
[BlackTitle "IM"]
[WhiteElo "2205"]
[BlackElo "2401"]
[WhiteFideId "42516340"]
[BlackFideId "9400346"]
[EventDate "2023.05.27"]

1. d4 d5 2. c4 e6 3. Nc3 Nf6 4. cxd5 exd5 5. Bg5 Bb4 6. e3 h6 7. Bh4 g5 8. Bg3
Ne4 9. Qb3 Qe7 10. Bd3 c5 11. Bxe4 Qxe4 12. Nf3 Bxc3+ 13. Qxc3 c4 14. h4 Rg8 15.
hxg5 hxg5 16. Bxb8 Rxb8 17. Qa5 Ra8 18. Ne5 Be6 19. Qc7 Kf8 20. Rh6 Rg7 21. Nd7+
Bxd7 22. Rh8+ Ke7 23. Rxa8 Rh7 24. O-O-O Rh6 25. Qd8+ Ke6 26. f3 Qh7 27. Qxg5
Rh5 28. Qg4+ Kd6 29. Rd8 f5 30. Qg3+ Ke7 31. Qc7 1-0

[Event "23rd Dubai Open 2023"]
[Site "Dubai UAE"]
[Date "2023.06.02"]
[Round "7.37"]
[White "Gajcin, Marina"]
[Black "Chernobay, Artem"]
[Result "1/2-1/2"]
[WhiteTitle "WIM"]
[BlackTitle "GM"]
[WhiteElo "2256"]
[BlackElo "2484"]
[WhiteFideId "949086"]
[BlackFideId "4167406"]
[EventDate "2023.05.27"]

1. e4 c5 2. Nf3 d6 3. Bb5+ Bd7 4. Bxd7+ Qxd7 5. c4 Nc6 6. d4 cxd4 7. Nxd4 Nf6 8.
Nc3 g6 9. f3 Bg7 10. Be3 O-O 11. O-O a6 12. a4 e6 13. Qd3 Rac8 14. b3 Rfe8 15.
Rad1 Ne5 16. Qe2 Qc7 17. Bg5 Ned7 18. Qf2 Nc5 19. b4 Nb3 20. Nxb3 Qxc4 21. e5
dxe5 22. Bxf6 Bxf6 23. Ne4 Be7 24. Nbc5 Qxb4 25. Nd7 Red8 26. Qg3 Qxa4 27. Nef6+
Bxf6 28. Nxf6+ Kg7 29. Rxd8 Rxd8 30. Qg5 1/2-1/2

[Event "23rd Dubai Open 2023"]
[Site "Dubai UAE"]
[Date "2023.06.02"]
[Round "7.38"]
[White "Mkrtchyan, Mariam"]
[Black "Alothman, Ali Layth Ahmed"]
[Result "1-0"]
[WhiteTitle "WIM"]
[BlackTitle "FM"]
[WhiteElo "2360"]
[BlackElo "2224"]
[WhiteFideId "13310828"]
[BlackFideId "4801920"]
[EventDate "2023.05.27"]

1. d4 Nf6 2. c4 e6 3. Nf3 d5 4. Nc3 h6 5. g3 Nc6 6. Bg2 Bd6 7. O-O O-O 8. b3 b6
9. Bb2 Bb7 10. cxd5 exd5 11. Rc1 a6 12. Nh4 Ne7 13. Qd3 Qd7 14. Rc2 Rfe8 15.
Rfc1 Rad8 16. Nb1 c6 17. Ba3 Bxa3 18. Nxa3 Qd6 19. Nb1 Bc8 20. Rb2 c5 21. dxc5
bxc5 22. Nc3 g5 23. Nf3 Bf5 24. Qd1 d4 25. Na4 Rc8 26. e3 d3 27. Rd2 Ng6 28. Nb2
Ne4 29. Rxd3 Qf6 30. Qe2 g4 31. Ne1 Ne5 32. Rd5 Ng5 33. Nc4 Nef3+ 34. Nxf3 gxf3
35. Bxf3 Red8 36. Rcd1 Rxd5 37. Bxd5 Nh3+ 38. Kg2 Rd8 39. e4 Bc8 40. Qf3 Qxf3+
41. Kxf3 Bg4+ 42. Kg2 Nf4+ 43. gxf4 Bxd1 44. Ne5 Bh5 45. f5 Kg7 46. Nd3 Rc8 47.
Nf4 Bd1 48. e5 a5 49. f6+ Kf8 50. e6 fxe6 51. Bxe6 Rc7 52. Ng6+ Ke8 53. f7+ Rxf7
54. Bxf7+ Kxf7 55. Ne5+ Ke6 56. Nc4 a4 57. bxa4 Bxa4 58. Kf3 Bb5 59. Nb2 Kf5 60.
Ke3 Kg4 61. a4 Bf1 62. a5 Kh3 63. f4 Kg4 64. Ke4 c4 65. Na4 h5 66. Ke5 h4 67. f5
c3 68. Nxc3 Kh3 69. f6 Bc4 70. a6 Kxh2 71. a7 1-0

[Event "23rd Dubai Open 2023"]
[Site "Dubai UAE"]
[Date "2023.06.02"]
[Round "7.39"]
[White "Eric, Jovana"]
[Black "Raja, Rithvik R"]
[Result "0-1"]
[WhiteTitle "WGM"]
[BlackTitle "GM"]
[WhiteElo "2217"]
[BlackElo "2476"]
[WhiteFideId "938238"]
[BlackFideId "35007394"]
[EventDate "2023.05.27"]

1. e4 c5 2. Nf3 d6 3. d4 cxd4 4. Nxd4 Nf6 5. Nc3 a6 6. h3 e5 7. Nb3 Be7 8. Be3
h6 9. Be2 Be6 10. O-O Nbd7 11. a4 Rc8 12. Bf3 Nb6 13. Re1 Nc4 14. Bc1 O-O 15.
Nd2 Qc7 16. Nxc4 Qxc4 17. a5 Rfd8 18. Qe2 Qc6 19. Be3 Rd7 20. Red1 Bc4 21. Qe1
Rdd8 22. Bb6 Re8 23. Rd2 Bd8 24. Rad1 Be7 25. Be3 Be6 26. Ra1 Nh7 27. Qd1 Qc7
28. Bb6 Qb8 29. Nd5 Bd8 30. Bg4 Ng5 31. Qe2 Rc6 32. Rad1 Bxd5 33. exd5 Rxb6 34.
axb6 Bxb6 35. h4 Nh7 36. Rd3 Qd8 37. Rb3 Nf6 38. Bh3 g6 39. Rc3 Bc5 40. Rxc5
dxc5 41. d6 Nd7 42. Qg4 Nf8 43. Qc4 Qb6 44. Qd5 Qxb2 45. Qxc5 e4 46. d7 Rd8 47.
Qe7 Qxc2 48. Qxd8 Qxd1+ 49. Kh2 Qd6+ 50. g3 f5 51. h5 Qxd7 52. Qf6 Qf7 53. Qe5
Kh7 54. hxg6+ Kxg6 55. g4 fxg4 56. Qxe4+ Qf5 57. Qe8+ Kg7 58. Qe7+ Qf7 59. Qe5+
Kh7 60. Qe4+ Ng6 61. Bg2 b5 62. Kg1 h5 63. Qd3 Qf6 64. Be4 Kh6 65. Qe3+ Nf4 66.
Bb1 Kg5 67. Kh2 Qd6 68. f3 Kf6 69. Qc3+ Qe5 0-1